| 000 | 00386nam a22001337a 4500 | ||
|---|---|---|---|
| 082 | _a346.06 CHO | ||
| 100 | _aChoudhry, A.M. | ||
| 245 |
_aThe Negotiable Instruments Act with Commentary / _cA.M. Choudhry |
||
| 260 |
_aLahore : _bP.L.D. Publishers, _c2019. |
||
| 300 |
_a213 p. ; _c24 cm. |
||
| 942 |
_2ddc _cBK |
||
| 999 |
_c586896 _d586896 |
||